|
|
|
|
| LEADER |
01942nam a2200433 i 4500 |
| 001 |
EBC5219275 |
| 003 |
MiAaPQ |
| 005 |
20200520144314.0 |
| 006 |
m o d | |
| 007 |
cr cnu|||||||| |
| 008 |
180210t20182018ne ob 001 0 eng d |
| 020 |
|
|
|z 9789089647542
|
| 020 |
|
|
|a 9789048525270 (e-book)
|
| 035 |
|
|
|a (MiAaPQ)EBC5219275
|
| 035 |
|
|
|a (Au-PeEL)EBL5219275
|
| 035 |
|
|
|a (CaPaEBR)ebr11499395
|
| 035 |
|
|
|a (OCoLC)1020691680
|
| 040 |
|
|
|a MiAaPQ
|b eng
|e rda
|e pn
|c MiAaPQ
|d MiAaPQ
|
| 050 |
|
4 |
|a PN1995.9.T43
|b .T434 2018
|
| 082 |
0 |
|
|a 791.43656
|2 23
|
| 245 |
0 |
0 |
|a Technology and film scholarship :
|b experience, study theory /
|c edited by Santiago Hidalgo ; foreword by Andre Gaudreault.
|
| 264 |
|
1 |
|a Amsterdam, [Netherlands] :
|b Amsterdam University Press,
|c 2018.
|
| 264 |
|
4 |
|c 2018
|
| 300 |
|
|
|a 1 online resource (264 pages).
|
| 336 |
|
|
|a text
|2 rdacontent
|
| 337 |
|
|
|a computer
|2 rdamedia
|
| 338 |
|
|
|a online resource
|2 rdacarrier
|
| 490 |
1 |
|
|a Film Theory in Media History
|
| 504 |
|
|
|a Includes bibliographical references at the end of each chapters and index.
|
| 588 |
|
|
|a Description based on online resource; title from PDF title page (ebrary, viewed February 10, 2018).
|
| 590 |
|
|
|a Electronic reproduction. Ann Arbor, MI : ProQuest, 2016. Available via World Wide Web. Access may be limited to ProQuest affiliated libraries.
|
| 650 |
|
0 |
|a Technology in motion pictures.
|
| 650 |
|
0 |
|a Technology in motion pictures
|x History.
|
| 655 |
|
4 |
|a Electronic books.
|
| 700 |
1 |
|
|a Gaudreault, Andre,
|e writer of foreword.
|
| 776 |
0 |
8 |
|i Print version:
|t Technology and film scholarship : experience, study theory.
|d Amsterdam, [Netherlands] : Amsterdam University Press, c2018
|h 264 pages
|k Film theory in media history.
|z 9789089647542
|
| 797 |
2 |
|
|a ProQuest (Firm)
|
| 830 |
|
0 |
|a Film theory in media history.
|
| 856 |
4 |
0 |
|u https://ebookcentral.proquest.com/lib/matrademy/detail.action?docID=5219275
|z Click to View
|